00469nam a2200157Ia 4500003000400000008004100004040001600045082001300061100001700074245004200091260006500133490002500198650001500223650005100238650002200289GCL140319s9999 xx 000 0 eng d aGCL / cGCL04a843bV I1 aVERNE, JULES10aL'LLE MYSTERIEUSE II / cVERNE, JULES a[S.N] : bBIBLIOTHEQUE D' EDUCALIOX ET DE RECRATIO ، c1994 aLE LIVRE DE POCHEv004aLITERATURE04aFRENCH LANGUAGE - DICTIONARIES - ENCYCLOPEDIAS04aFRENCH LITERATURE